LIBRARY & INFORMATION CENTRE, KCAET, TAVANUR

ONLINE PUBLIC ACCESS CATALOGUE (OPAC)

A text of Refrigeration and air conditionin / (Record no. 93)

MARC details
000 -LEADER
fixed length control field 00522cam a2200217ua 4500
020 ## - INTERNATIONAL STANDARD BOOK NUMBER
ISBN 0 85226 7215
041 ## - LANGUAGE CODE
Language code of text/sound track or separate title eng
082 ## - DEWEY DECIMAL CLASSIFICATION NUMBER
Classification number 697.93
Item number MAN/RE
100 ## - MAIN ENTRY--AUTHOR NAME
Personal name Manohar, Prasad.
245 ## - TITLE STATEMENT
Title A text of Refrigeration and air conditionin /
250 ## - EDITION STATEMENT
Edition statement 1 /
260 ## - PUBLICATION, DISTRIBUTION, ETC. (IMPRINT)
Place of publication :
Name of publisher Wiley Eastern Ltd ,
Year of publication 1983.
300 ## - PHYSICAL DESCRIPTION
Number of Pages 546 ; .
942 ## - ADDED ENTRY ELEMENTS (KOHA)
Koha item type Books
003 - CONTROL NUMBER IDENTIFIER
control field @
003 - CONTROL NUMBER IDENTIFIER
control field OSt
Holdings
Withdrawn status Lost status Damaged status Home library Current library Date acquired Full call number Accession Number Koha item type
      KAUAET KAUAET 07/04/2012 697.93 14555 Books
Withdrawn     KAUAET KAUAET 07/04/2012 697.93 14558 Books
free website counter